000 00411nam a2200181Ia 4500
001 1898
005 20260306143802.0
008 260306t2009||||xx |||||||||||||| ||spa||
041 _aESP
082 _a158.1
_bF83
100 _aFredrickson, Barbara L.
_eAUT
245 0 _aVida positiva
260 _c2009
300 _a310 páginas :
_c23 cm.
650 _aGEN
654 _aCPS
942 _cLIB
_dJUS
_fJUS
_2ddc
_n
999 _c1898
_d1898